Čierna Hora - definitívne zbohom Juhoslávii (pohľad zo Slovenska)

Samostatnosť Čiernej hory, politické, hospodárske a bezpečnostné dôsledky. Čiernohorské referendum ako vzor pre Kosovo. Úloha slovenskej diplomacie pri príprave referenda. Pokusy o spochybnenie výsledkov referenda. Čierna hora a pristúpenie k EÚ, problémy. Postoje Slovenska k pristúpeniu krajín zápa...

ver descrição completa

Na minha lista:
Detalhes bibliográficos
Autor principal: Weiss, Peter
Formato: Capítulo de Livro
Idioma:eslovaco
Assuntos:
Tags: Adicionar Tag
Sem tags, seja o primeiro a adicionar uma tag!

MARC

LEADER 00000naa$a2200000$$$4500
001 0052936
005 20240502083136.4
041 0 |a slo 
044 |a CZ 
245 1 0 |a Čierna Hora - definitívne zbohom Juhoslávii (pohľad zo Slovenska)  |c Peter Weiss 
520 |a Samostatnosť Čiernej hory, politické, hospodárske a bezpečnostné dôsledky. Čiernohorské referendum ako vzor pre Kosovo. Úloha slovenskej diplomacie pri príprave referenda. Pokusy o spochybnenie výsledkov referenda. Čierna hora a pristúpenie k EÚ, problémy. Postoje Slovenska k pristúpeniu krajín západného Balkánu k EÚ. 
610 2 0 |a Čierna Hora 
610 2 0 |a referendum 
610 2 0 |a Európska únia 
100 1 |a Weiss, Peter